Daňový poriadok - najpodstanejšie zmeny oproti predošlej právnej úprave
Základné informácie o štruktúre daňového poriadku a nové ustanovenia, ako aj rozdiely oproti zákonu o správe daní a z toho vyplývajúce zmenené postupy správcu dane - obce pri správe miestnych daní a miestneho poplatku.
Uložené v:
| Hlavný autor: | |
|---|---|
| Médium: | Kapitola |
| Jazyk: | Slovak |
| Predmet: | |
| Tagy: |
Žiadne tagy, Buďte prvý, kto otaguje tento záznam!
|
MARC
| LEADER | 00000naa a2200000 4500 | ||
|---|---|---|---|
| 001 | 0150367 | ||
| 005 | 20231204111135.5 | ||
| 041 | 0 | |a slo | |
| 044 | |a SK | ||
| 245 | 1 | 0 | |a Daňový poriadok - najpodstanejšie zmeny oproti predošlej právnej úprave |c Katarína Skalová |
| 520 | |a Základné informácie o štruktúre daňového poriadku a nové ustanovenia, ako aj rozdiely oproti zákonu o správe daní a z toho vyplývajúce zmenené postupy správcu dane - obce pri správe miestnych daní a miestneho poplatku. | ||
| 610 | 2 | 0 | |a zákony |
| 610 | 2 | 0 | |a Slovensko |
| 610 | 2 | 0 | |a novelizácia |
| 610 | 2 | 0 | |a správa daňová |
| 100 | 1 | |a Skalová, Katarína | |